[Event "Gibtelecom ChallWk1 7th"]
[Site "Gibraltar"]
[Date "2009.01.29"]
[Round "3.6"]
[White "Natalicchio Escalante, Nicolas"]
[Black "Wheldon, Philip"]
[Result "1/2-1/2"]
[WhiteElo "2238"]
[BlackElo "2094"]
[PlyCount "56"]
[EventDate "2009.01.27"]
[EventType "swiss"]
[EventRounds "5"]
[EventCountry "GGB"]
[SourceTitle "BritBase"]
[Source "www.saund.co.uk"]
[SourceDate "2018.02.10"]
[SourceVersion "1"]
[SourceVersionDate "2018.02.10"]
[SourceQuality "1"]

1. d4 d5 2. Nf3 Nf6 3. c4 dxc4 4. g3 e6 5. Bg2 c5 6. Qa4+ Nbd7 7. Qxc4 b6 8.
Ne5 Nxe5 9. dxe5 Nd5 10. Nc3 Nxc3 11. Qxc3 Rb8 12. O-O Bb7 13. Bxb7 Rxb7 14.
Qf3 Qd5 15. Qg4 Qxe5 16. Rd1 f5 17. Qa4+ Kf7 18. Rd7+ Rxd7 19. Qxd7+ Be7 20.
Bg5 Re8 21. Qxa7 Qxb2 22. Rd1 h6 23. Be3 Qxe2 24. Rd7 Qb2 25. Rb7 Qb1+ 26. Kg2
Qe4+ 27. Kg1 Qb1+ 28. Kg2 Qe4+ 1/2-1/2

[Event "Gibtelecom ChallWk1 7th"]
[Site "Gibraltar"]
[Date "2009.01.29"]
[Round "3.8"]
[White "Hagesaether, Arne"]
[Black "Beltran Medina, Jorge"]
[Result "1-0"]
[WhiteElo "2184"]
[BlackElo "2006"]
[PlyCount "123"]
[EventDate "2009.01.27"]
[EventType "swiss"]
[EventRounds "5"]
[EventCountry "GGB"]
[SourceTitle "BritBase"]
[Source "www.saund.co.uk"]
[SourceDate "2018.02.10"]
[SourceVersion "1"]
[SourceVersionDate "2018.02.10"]
[SourceQuality "1"]

1. e4 e6 2. d4 d5 3. Nc3 Bb4 4. e5 b6 5. a3 Bf8 6. Nce2 Ne7 7. Nf3 c5 8. c3 Ba6
9. h4 Qd7 10. h5 h6 11. g4 Nbc6 12. Be3 cxd4 13. cxd4 Na5 14. Nc3 Bxf1 15. Rxf1
Nec6 16. Nd2 Nc4 17. Nxc4 dxc4 18. Qa4 Na5 19. Qxd7+ Kxd7 20. f4 Be7 21. O-O-O
Kc6 22. d5+ exd5 23. Nxd5 Nb3+ 24. Kc2 Bc5 25. Kc3 b5 26. Bxc5 Kxc5 27. Ne7
Rhd8 28. Nf5 a5 29. Nd6 b4+ 30. Kc2 Nd4+ 31. Kb1 Rdb8 32. axb4+ axb4 33. Ne4+
Kd5 34. Ng3 c3 35. Rf2 Kc4 36. Ne4 c2+ 37. Rxc2+ Nxc2 38. Kxc2 b3+ 39. Kd2 Ra2
40. Nd6+ Kb4 41. Ke3 Rxb2 42. Rd4+ Kc5 43. Ne4+ Kc6 44. Rd6+ Kc7 45. Nc5 Rc2
46. Na6+ Kc8 47. Nxb8 Kxb8 48. Rb6+ Kc8 49. Rxb3 Rg2 50. Kf3 Rd2 51. Ke4 Rg2
52. Kf5 Kd8 53. Rb7 Ke8 54. e6 fxe6+ 55. Kxe6 Re2+ 56. Kf5 Kf8 57. Kg6 Re6+ 58.
Kh7 Rf6 59. Rxg7 Rxf4 60. Kxh6 Ra4 61. g5 Rh4 62. Ra7 1-0

[Event "Gibtelecom ChallWk1 7th"]
[Site "Gibraltar"]
[Date "2009.01.29"]
[Round "3.9"]
[White "Almond, Richard J"]
[Black "Lovik, Lasse Ostebo"]
[Result "0-1"]
[WhiteElo "2126"]
[BlackElo "2184"]
[PlyCount "78"]
[EventDate "2009.01.27"]
[EventType "swiss"]
[EventRounds "5"]
[EventCountry "GGB"]
[SourceTitle "BritBase"]
[Source "www.saund.co.uk"]
[SourceDate "2018.02.10"]
[SourceVersion "1"]
[SourceVersionDate "2018.02.10"]
[SourceQuality "1"]

1. d4 d5 2. c4 c6 3. Nf3 Nf6 4. Nc3 e6 5. Bg5 dxc4 6. e4 b5 7. e5 h6 8. Bh4 g5
9. Nxg5 hxg5 10. Bxg5 Nbd7 11. g3 Bb7 12. Bg2 Qb6 13. exf6 c5 14. d5 O-O-O 15.
O-O b4 16. Na4 Qb5 17. a3 exd5 18. axb4 cxb4 19. Be3 Nc5 20. Bd4 Bc6 21. Nxc5
Bxc5 22. Qg4+ Bd7 23. Qf4 Be6 24. Bxc5 Qxc5 25. Ra6 Rh5 26. Rfa1 Rf5 27. Qe3
Qxe3 28. fxe3 Rd7 29. Rxa7 Rxa7 30. Rxa7 b3 31. Ra1 Rxf6 32. Rd1 c3 33. bxc3
Bf5 34. e4 dxe4 35. Rb1 e3 36. Rb2 Bd3 37. Bh3+ Kc7 38. Bg4 Rf1+ 39. Kg2 Rf2+
0-1

[Event "Gibtelecom ChallWk1 7th"]
[Site "Gibraltar"]
[Date "2009.01.29"]
[Round "3.10"]
[White "Bucknell, Malcolm Gordon"]
[Black "Dunn, Andrew"]
[Result "0-1"]
[WhiteElo "2064"]
[BlackElo "2216"]
[PlyCount "68"]
[EventDate "2009.01.27"]
[EventType "swiss"]
[EventRounds "5"]
[EventCountry "GGB"]
[SourceTitle "BritBase"]
[Source "www.saund.co.uk"]
[SourceDate "2018.02.10"]
[SourceVersion "1"]
[SourceVersionDate "2018.02.10"]
[SourceQuality "1"]

1. c3 d5 2. d4 Nf6 3. h3 e6 4. Nf3 c5 5. dxc5 Bxc5 6. Bf4 Qb6 7. e3 Qxb2 8.
Nbd2 Nc6 9. Be2 Qb6 10. O-O O-O 11. g4 Qd8 12. Qc2 Re8 13. Rad1 e5 14. Bg5 e4
15. Nh2 Bd6 16. f4 Bc5 17. f5 Qb6 18. Rb1 Qc7 19. Bf4 Bd6 20. g5 Nd7 21. Kh1
Nde5 22. Ng4 Nxg4 23. Bxg4 Ne5 24. Nb3 Nc4 25. Rbe1 Bxf4 26. exf4 Bd7 27. f6
Nd6 28. Qf2 Bb5 29. Rg1 Qxc3 30. Nd4 e3 31. Qh4 Qxd4 32. Bf3 Bd3 33. Rd1 e2 34.
Bxe2 Rxe2 0-1

[Event "Gibtelecom ChallWk1 7th"]
[Site "Gibraltar"]
[Date "2009.01.29"]
[Round "3.11"]
[White "Hamer, Martyn"]
[Black "Kvisla, Johannes Luangtep"]
[Result "0-1"]
[WhiteElo "2022"]
[BlackElo "2028"]
[PlyCount "66"]
[EventDate "2009.01.27"]
[EventType "swiss"]
[EventRounds "5"]
[EventCountry "GGB"]
[SourceTitle "BritBase"]
[Source "www.saund.co.uk"]
[SourceDate "2018.02.10"]
[SourceVersion "1"]
[SourceVersionDate "2018.02.10"]
[SourceQuality "1"]

1. e4 c5 2. Nf3 a6 3. c4 e6 4. d4 cxd4 5. Nxd4 Nf6 6. Nc3 Bb4 7. Bd3 Qc7 8. O-O
Bxc3 9. bxc3 d6 10. Qe2 Nbd7 11. f4 b6 12. Ba3 Bb7 13. Rae1 Nc5 14. e5 dxe5 15.
fxe5 Nfd7 16. Bc2 g6 17. Nf3 h6 18. Nd4 Rh7 19. Bc1 O-O-O 20. Bf4 Kb8 21. Rb1
Ka8 22. Bg3 Rg7 23. Rb2 h5 24. Qe3 g5 25. Re1 h4 26. Bf2 Rh8 27. Nf3 g4 28. Nd4
g3 29. hxg3 hxg3 30. Bxg3 Rhg8 31. Ne2 Qc6 32. Qf2 Nxe5 33. Nd4 Nf3+ 0-1

[Event "Gibtelecom ChallWk1 7th"]
[Site "Gibraltar"]
[Date "2009.01.29"]
[Round "3.12"]
[White "Steffenello, Leonard"]
[Black "Suez-Panama, Gilles"]
[Result "1/2-1/2"]
[WhiteElo "2164"]
[BlackElo "2032"]
[PlyCount "84"]
[EventDate "2009.01.27"]
[EventType "swiss"]
[EventRounds "5"]
[EventCountry "GGB"]
[SourceTitle "BritBase"]
[Source "www.saund.co.uk"]
[SourceDate "2018.02.10"]
[SourceVersion "1"]
[SourceVersionDate "2018.02.10"]
[SourceQuality "1"]

1. d4 Nf6 2. c4 g6 3. Nc3 d5 4. Bg5 Bg7 5. Nf3 Ne4 6. Bf4 Nxc3 7. bxc3 O-O 8.
e3 c5 9. cxd5 cxd4 10. cxd4 Qxd5 11. Be2 Nc6 12. O-O Bf5 13. Qa4 Rac8 14. Rac1
Qa5 15. Qb3 Qb4 16. Rc5 Qxb3 17. axb3 b6 18. Rcc1 Nb4 19. Bg5 f6 20. Bh4 Bd3
21. Bxd3 Nxd3 22. Rb1 a5 23. Rfd1 Rc3 24. Nd2 Nb4 25. Nc4 Rb8 26. Bg3 Rb7 27.
Rdc1 Rxc1+ 28. Rxc1 Nd5 29. Kf1 h5 30. Ke2 Ra7 31. e4 h4 32. Bxh4 Nf4+ 33. Kf3
b5 34. Na3 b4 35. Rc8+ Kf7 36. Nc4 Ne6 37. Ke3 Bh6+ 38. Kd3 Nf4+ 39. Kc2 Nxg2
40. Bg3 Ne1+ 41. Kb1 Nf3 42. d5 Nd4 1/2-1/2

[Event "Gibtelecom ChallWk1 7th"]
[Site "Gibraltar"]
[Date "2009.01.29"]
[Round "3.13"]
[White "Pendlebury, Ian G"]
[Black "Erdelyi, Tamas"]
[Result "1/2-1/2"]
[WhiteElo "2016"]
[BlackElo "2152"]
[PlyCount "80"]
[EventDate "2009.01.27"]
[EventType "swiss"]
[EventRounds "5"]
[EventCountry "GGB"]
[SourceTitle "BritBase"]
[Source "www.saund.co.uk"]
[SourceDate "2018.02.10"]
[SourceVersion "1"]
[SourceVersionDate "2018.02.10"]
[SourceQuality "1"]

1. d4 Nf6 2. Nf3 c5 3. c3 b6 4. Bg5 e6 5. e3 Bb7 6. Bd3 Be7 7. Nbd2 cxd4 8.
exd4 d6 9. O-O Nbd7 10. Re1 O-O 11. Qc2 Re8 12. Ne4 Nxe4 13. Bxe7 Qxe7 14. Bxe4
Nf6 15. Bxb7 Qxb7 16. Rad1 b5 17. Ng5 Qd5 18. Ne4 Nxe4 19. Qxe4 Qxa2 20. d5 e5
21. Qb4 Red8 22. Qxb5 Rab8 23. Qd3 Qxb2 24. Ra1 Qb6 25. Ra6 Qb5 26. Qxb5 Rxb5
27. c4 Rb7 28. Rc6 Kf8 29. Kf1 f6 30. h4 Rdd7 31. Ra1 Ke7 32. Ke2 Rdc7 33.
Rxc7+ Rxc7 34. Kd3 f5 35. Rb1 a5 36. Kc3 e4 37. Rb6 Ra7 38. Kb3 a4+ 39. Ka3 f4
40. c5 dxc5 1/2-1/2

[Event "Gibtelecom ChallWk1 7th"]
[Site "Gibraltar"]
[Date "2009.01.29"]
[Round "3.14"]
[White "Guerrero Beret, Jesus"]
[Black "Haugstad, Espen"]
[Result "0-1"]
[WhiteElo "1964"]
[BlackElo "2114"]
[PlyCount "74"]
[EventDate "2009.01.27"]
[EventType "swiss"]
[EventRounds "5"]
[EventCountry "GGB"]
[SourceTitle "BritBase"]
[Source "www.saund.co.uk"]
[SourceDate "2018.02.10"]
[SourceVersion "1"]
[SourceVersionDate "2018.02.10"]
[SourceQuality "1"]

1. e4 c5 2. Nf3 e6 3. Nc3 Nc6 4. d4 cxd4 5. Nxd4 a6 6. Nxc6 bxc6 7. Bd3 Nf6 8.
O-O d5 9. e5 Nd7 10. f4 Be7 11. Qg4 g6 12. Kh1 c5 13. b3 Bb7 14. Bd2 Qc7 15. a4
Rd8 16. Qg3 O-O 17. h4 c4 18. Be2 d4 19. Nd1 c3 20. Bc1 Nc5 21. h5 Be4 22. hxg6
hxg6 23. Bh5 Kg7 24. Kg1 Rh8 25. Bg4 Bh4 26. Qh3 Bf2+ 27. Nxf2 Rxh3 28. Nxh3
Bxc2 29. Ng5 Nxb3 30. Bxe6 Nxa1 31. Bxf7 Bf5 32. Ba3 Nc2 33. Be6 Nxa3 34. Bxf5
gxf5 35. Ne6+ Kf7 36. Nxc7 d3 37. Kf2 d2 0-1

[Event "Gibtelecom ChallWk1 7th"]
[Site "Gibraltar"]
[Date "2009.01.29"]
[Round "3.15"]
[White "Kouchak, Jason"]
[Black "Vinas Guerrero, Carlos A"]
[Result "0-1"]
[WhiteElo "1960"]
[BlackElo "2104"]
[PlyCount "40"]
[EventDate "2009.01.27"]
[EventType "swiss"]
[EventRounds "5"]
[EventCountry "GGB"]
[SourceTitle "BritBase"]
[Source "www.saund.co.uk"]
[SourceDate "2018.02.10"]
[SourceVersion "1"]
[SourceVersionDate "2018.02.10"]
[SourceQuality "1"]

1. d4 d5 2. Nf3 Nf6 3. Bg5 Ne4 4. Bf4 e6 5. h4 Bd6 6. Bxd6 cxd6 7. c3 O-O 8.
Nbd2 f5 9. e3 Nd7 10. Bd3 Ndf6 11. Qe2 Ng4 12. Rf1 Qb6 13. O-O-O Bd7 14. Ng5
Ngf6 15. Ndf3 Rac8 16. Qc2 h6 17. Nh3 Qa5 18. Qe2 Qxa2 19. Bb1 Rxc3+ 20. Qc2
Rxc2+ 0-1

[Event "Gibtelecom ChallWk1 7th"]
[Site "Gibraltar"]
[Date "2009.01.29"]
[Round "3.16"]
[White "Navarro Perez, Manuel"]
[Black "Dasaolu, Adeoye"]
[Result "0-1"]
[WhiteElo "2097"]
[BlackElo "2024"]
[PlyCount "68"]
[EventDate "2009.01.27"]
[EventType "swiss"]
[EventRounds "5"]
[EventCountry "GGB"]
[SourceTitle "BritBase"]
[Source "www.saund.co.uk"]
[SourceDate "2018.02.10"]
[SourceVersion "1"]
[SourceVersionDate "2018.02.10"]
[SourceQuality "1"]

1. e4 c5 2. Nc3 Nc6 3. f4 g6 4. Nf3 Bg7 5. Bc4 e6 6. e5 d5 7. exd6 Qxd6 8. Ne4
Qxf4 9. d3 Qc7 10. O-O Nge7 11. Nfg5 O-O 12. Qe1 Nf5 13. g4 h6 14. gxf5 gxf5
15. Qh4 fxe4 16. Nxe4 f5 17. Bxh6 fxe4 18. Rxf8+ Kxf8 19. Rf1+ Kg8 20. Bxg7
Qxg7+ 21. Kh1 Ne5 22. Qd8+ Kh7 23. Rg1 Ng6 24. Rg3 Qe7 25. Qa5 b6 26. Qd2 e3
27. Qxe3 Bb7+ 28. Kg1 Rg8 29. Bxe6 Rf8 30. Rxg6 Kxg6 31. Bf5+ Kf6 32. Qf2 Ke5
33. Qe3+ Kd6 34. Qh6+ Rf6 0-1

[Event "Gibtelecom ChallWk1 7th"]
[Site "Gibraltar"]
[Date "2009.01.29"]
[Round "3.17"]
[White "Ercan, Mehmet Fahri"]
[Black "Cafolla, Peter"]
[Result "1/2-1/2"]
[WhiteElo "2091"]
[BlackElo "2013"]
[PlyCount "121"]
[EventDate "2009.01.27"]
[EventType "swiss"]
[EventRounds "5"]
[EventCountry "GGB"]
[SourceTitle "BritBase"]
[Source "www.saund.co.uk"]
[SourceDate "2018.02.10"]
[SourceVersion "1"]
[SourceVersionDate "2018.02.10"]
[SourceQuality "1"]

1. d4 d5 2. c4 e6 3. Nc3 c5 4. cxd5 exd5 5. Nf3 Nc6 6. g3 Nf6 7. Bg2 Be7 8. O-O
O-O 9. Bg5 cxd4 10. Nxd4 h6 11. Be3 Re8 12. Rc1 Bg4 13. h3 Be6 14. Ncb5 Qd7 15.
Kh2 Rac8 16. a3 a6 17. Nc3 b5 18. Nxc6 Rxc6 19. Bd4 Rec8 20. Qd2 h5 21. e3 Qc7
22. Ne2 Ne4 23. Bxe4 dxe4 24. Rxc6 Qxc6 25. Rc1 Qd5 26. Nf4 Qf5 27. Rxc8+ Bxc8
28. Qe2 g6 29. Bc3 Qd7 30. Qd2 Qxd2 31. Bxd2 Bb7 32. Bc3 Bd6 33. Ng2 Kf8 34.
Kg1 Ke7 35. h4 Bc8 36. Ne1 Ke6 37. Kf1 Kd5 38. Ke2 Kc4 39. Kd2 Kb3 40. Nc2 Bc5
41. Na1+ Kc4 42. Kc2 Be6 43. Nb3 Kd5 44. Bd4 Bd6 45. Kc3 Bc8 46. Bb6 Be5+ 47.
Bd4 Bd6 48. Bh8 Bc5 49. Nc1 Bg4 50. b4 Bd6 51. Nb3 Be2 52. Nd4 Bd3 53. f4 f5
54. Bf6 Bf1 55. Bd8 Bd3 56. Bb6 Bf8 57. Nb3 Bc4 58. Na5 Bg7+ 59. Kc2 Bd3+ 60.
Kb3 Bc4+ 61. Kc2 1/2-1/2

[Event "Gibtelecom ChallWk1 7th"]
[Site "Gibraltar"]
[Date "2009.01.29"]
[Round "3.18"]
[White "Skage, Oystein Aagedal"]
[Black "Pali, Gabor"]
[Result "0-1"]
[WhiteElo "1925"]
[BlackElo "2048"]
[PlyCount "90"]
[EventDate "2009.01.27"]
[EventType "swiss"]
[EventRounds "5"]
[EventCountry "GGB"]
[SourceTitle "BritBase"]
[Source "www.saund.co.uk"]
[SourceDate "2018.02.10"]
[SourceVersion "1"]
[SourceVersionDate "2018.02.10"]
[SourceQuality "1"]

1. e4 c6 2. Nf3 d5 3. Nc3 e6 4. d4 Nf6 5. Bd3 Bb4 6. Bg5 h6 7. Bxf6 Qxf6 8. Qd2
g5 9. e5 Qe7 10. a3 Ba5 11. O-O Bc7 12. h3 Nd7 13. Ne2 Nf8 14. Nh2 f5 15. exf6
Qxf6 16. Ng4 Qg7 17. Rae1 Bd7 18. f4 gxf4 19. c3 h5 20. Ne5 Bxe5 21. dxe5 Qxe5
22. Nxf4 Qg5 23. Qe3 b6 24. Qd4 Rg8 25. Re5 Qg7 26. Rf2 O-O-O 27. Nxh5 Qh6 28.
Qf4 Qxf4 29. Nxf4 Kc7 30. h4 Kd6 31. Rfe2 Rg4 32. g3 Rxg3+ 33. Kh2 Rf3 34. h5
Rxf4 35. Kg3 Rf7 36. Rg5 Re8 37. h6 e5 38. Rh2 e4 39. Be2 Rh7 40. Rhh5 Re6 41.
Rg8 Rexh6 42. Rxf8 Rxh5 43. Rf6+ Kc7 44. Rf2 Rh3+ 45. Kg2 Rh2+ 0-1

[Event "Gibtelecom ChallWk1 7th"]
[Site "Gibraltar"]
[Date "2009.01.29"]
[Round "3.19"]
[White "Gandrud, Vegar Koi"]
[Black "Demac, Elias"]
[Result "0-1"]
[WhiteElo "2046"]
[BlackElo "1993"]
[PlyCount "96"]
[EventDate "2009.01.27"]
[EventType "swiss"]
[EventRounds "5"]
[EventCountry "GGB"]
[SourceTitle "BritBase"]
[Source "www.saund.co.uk"]
[SourceDate "2018.02.10"]
[SourceVersion "1"]
[SourceVersionDate "2018.02.10"]
[SourceQuality "1"]

1. d4 f5 2. c4 Nf6 3. g3 g6 4. Bg2 Bg7 5. Nc3 d6 6. Nf3 O-O 7. O-O Qe8 8. Re1
Qf7 9. d5 Ne4 10. Qc2 Nxc3 11. bxc3 Na6 12. Be3 h6 13. Bd4 e5 14. dxe6 Bxe6 15.
Bxg7 Kxg7 16. Nd4 Nc5 17. Nb3 Rab8 18. Nxc5 dxc5 19. Qa4 a6 20. Red1 c6 21. Qa5
Qe7 22. Qa4 Rbd8 23. Qb3 b5 24. Bxc6 Bxc4 25. Qa3 Rxd1+ 26. Rxd1 Qxe2 27. Qc1
Qe6 28. Bd7 Qe7 29. Bc6 Rd8 30. Re1 Qd6 31. Qe3 Rf8 32. Qf3 Rf6 33. Bb7 Re6 34.
Rxe6 Qxe6 35. Qd1 Bxa2 36. Qd8 Qe1+ 37. Kg2 Qxc3 38. Qd7+ Bf7 39. Bd5 Qf6 40.
Qa7 c4 41. Bxf7 Qxf7 42. Qxa6 Qd7 43. Qa1+ Kh7 44. Qc3 h5 45. h4 f4 46. f3 fxg3
47. Kxg3 Qg7 48. Qb4 Qc7+ 0-1

[Event "Gibtelecom ChallWk1 7th"]
[Site "Gibraltar"]
[Date "2009.01.29"]
[Round "3.20"]
[White "Dunlop, Anthony"]
[Black "Obiamiwe, Paul"]
[Result "0-1"]
[WhiteElo "1588"]
[BlackElo "2035"]
[PlyCount "131"]
[EventDate "2009.01.27"]
[EventType "swiss"]
[EventRounds "5"]
[EventCountry "GGB"]
[SourceTitle "BritBase"]
[Source "www.saund.co.uk"]
[SourceDate "2018.02.10"]
[SourceVersion "1"]
[SourceVersionDate "2018.02.10"]
[SourceQuality "1"]

1. c4 Nf6 2. Nf3 g6 3. d4 Bg7 4. Nc3 O-O 5. e4 d6 6. Bg5 c5 7. dxc5 Qa5 8. Bd2
Qxc5 9. h3 Be6 10. b3 Nbd7 11. Be2 h6 12. O-O Ne5 13. Na4 Qc7 14. Nxe5 dxe5 15.
Nc3 Rfd8 16. Qc1 Kh7 17. Be3 a6 18. Na4 Qc6 19. Nb6 Rab8 20. f3 Nh5 21. Qc2 Nf4
22. Rfd1 Bf6 23. Rxd8 Rxd8 24. Rd1 Rxd1+ 25. Qxd1 Bg5 26. Qd2 Qxb6 27. Bxb6
Nxh3+ 28. gxh3 Bxd2 29. Kg2 Kg7 30. Bc5 Kf8 31. a4 Bd7 32. Bd1 Be6 33. Be2 Bd7
34. Bf1 f5 35. Kf2 Kf7 36. Ke2 Bf4 37. a5 e6 38. Kd3 Bc6 39. b4 g5 40. Kc3 h5
41. b5 Bd7 42. Bb6 g4 43. bxa6 bxa6 44. Bg2 Bc6 45. Kd3 Ke7 46. fxg4 fxg4 47.
hxg4 hxg4 48. Kc3 Bg3 49. Kb4 Kd7 50. Kc3 Ba4 51. Kd2 Bf4+ 52. Kc3 Bd1 53. Bf2
Kc6 54. Kd3 Bc1 55. Kc3 Bf4 56. Kd3 Bf3 57. Bf1 Bh2 58. Ke3 Bh1 59. c5 g3 60.
Bxg3 Bxg3 61. Bxa6 Kxc5 62. Bc8 Bh2 63. Bxe6 Kb5 64. Bf5 Kxa5 65. Kd3 Kb4 66.
Ke3 0-1

[Event "Gibtelecom ChallWk1 7th"]
[Site "Gibraltar"]
[Date "2009.01.29"]
[Round "3.21"]
[White "Carame Gonzalez, Francisco"]
[Black "Urbina Perez, Juan Antonio"]
[Result "0-1"]
[WhiteElo "1959"]
[BlackElo "2215"]
[PlyCount "66"]
[EventDate "2009.01.27"]
[EventType "swiss"]
[EventRounds "5"]
[EventCountry "GGB"]
[SourceTitle "BritBase"]
[Source "www.saund.co.uk"]
[SourceDate "2018.02.10"]
[SourceVersion "1"]
[SourceVersionDate "2018.02.10"]
[SourceQuality "1"]

1. e4 c5 2. Nf3 d6 3. d4 cxd4 4. Nxd4 Nf6 5. Nc3 a6 6. Bc4 e6 7. Bb3 Nbd7 8. f4
Nc5 9. Qe2 Be7 10. O-O O-O 11. Be3 Ncxe4 12. Nxe4 Nxe4 13. c3 Qc7 14. Qf3 d5
15. f5 Bc5 16. Kh1 Bd7 17. Rad1 Rad8 18. Bc2 exf5 19. Nxf5 Bxf5 20. Bxc5 Qxc5
21. Qxf5 g6 22. Qf4 f5 23. Bb3 Kg7 24. Qe5+ Nf6 25. Qg3 Rfe8 26. Bc2 Ne4 27.
Qf4 Qd6 28. Qe3 Qc5 29. Qf4 d4 30. Ba4 b5 31. cxd4 Rxd4 32. Rxd4 Qxd4 33. Qc7+
Kh8 0-1

[Event "Gibtelecom ChallWk1 7th"]
[Site "Gibraltar"]
[Date "2009.01.29"]
[Round "3.22"]
[White "Salem, Ihab"]
[Black "Quinn, Joseph"]
[Result "1-0"]
[WhiteElo "2171"]
[BlackElo "1835"]
[PlyCount "53"]
[EventDate "2009.01.27"]
[EventType "swiss"]
[EventRounds "5"]
[EventCountry "GGB"]
[SourceTitle "BritBase"]
[Source "www.saund.co.uk"]
[SourceDate "2018.02.10"]
[SourceVersion "1"]
[SourceVersionDate "2018.02.10"]
[SourceQuality "1"]

1. e4 e5 2. Nf3 Nc6 3. Bb5 a6 4. Ba4 Nf6 5. d4 exd4 6. O-O b5 7. Bb3 d6 8. Ng5
Ne5 9. f4 Nc4 10. e5 Ng4 11. Bxc4 bxc4 12. e6 Nh6 13. exf7+ Nxf7 14. Nxf7 Kxf7
15. Qxd4 d5 16. Nc3 c6 17. f5 Qd6 18. Kh1 Be7 19. f6 gxf6 20. Bg5 Rg8 21. Bxf6
Bxf6 22. Ne4 Ke7 23. Rxf6 Qc7 24. Qc5+ Ke8 25. Raf1 Qg7 26. Qxc6+ Kd8 27. Rd6+
1-0

[Event "Gibtelecom ChallWk1 7th"]
[Site "Gibraltar"]
[Date "2009.01.29"]
[Round "3.23"]
[White "Madland, Kristoffer"]
[Black "Lyons, Brendan"]
[Result "1-0"]
[WhiteElo "1992"]
[BlackElo "2060"]
[PlyCount "137"]
[EventDate "2009.01.27"]
[EventType "swiss"]
[EventRounds "5"]
[EventCountry "GGB"]
[SourceTitle "BritBase"]
[Source "www.saund.co.uk"]
[SourceDate "2018.02.10"]
[SourceVersion "1"]
[SourceVersionDate "2018.02.10"]
[SourceQuality "1"]

1. e4 c5 2. c3 d5 3. exd5 Qxd5 4. d4 e6 5. Nf3 Nf6 6. Na3 Be7 7. Nb5 Na6 8. c4
Qe4+ 9. Be2 cxd4 10. O-O O-O 11. Nbxd4 Rd8 12. Bd3 Qg4 13. Re1 Bd6 14. Bg5 e5
15. Bxf6 gxf6 16. Nb5 Be7 17. Qe2 Nc5 18. Bc2 Bf5 19. h3 Qh5 20. Bxf5 Qxf5 21.
Nc7 Rac8 22. Nd5 Bd6 23. Rad1 Kh8 24. b3 e4 25. Nd4 Qe5 26. f4 exf3 27. Qxe5
f2+ 28. Kxf2 fxe5 29. Nf5 e4 30. Kg1 Bf8 31. g4 b5 32. Re2 bxc4 33. bxc4 Nd3
34. Rxe4 Nb2 35. Rde1 Nxc4 36. Nde7 Bxe7 37. Rxe7 Nd6 38. Nxd6 Rxd6 39. Rxf7
Rd3 40. Rxa7 Rxh3 41. Kg2 Rhc3 42. Ree7 h6 43. a4 Rc2+ 44. Kf3 R2c3+ 45. Kf4
R3c4+ 46. Re4 Rf8+ 47. Ke3 Rc1 48. Ree7 Rfc8 49. a5 R1c3+ 50. Kf4 R3c4+ 51. Re4
Rf8+ 52. Ke3 Rc1 53. Ree7 Re1+ 54. Kd2 Rxe7 55. Rxe7 Ra8 56. Re5 Kg7 57. Kc3
Kf6 58. Rf5+ Ke6 59. Rh5 Kf6 60. a6 Rc8+ 61. Kb4 Rg8 62. Rxh6+ Kg5 63. Rb6 Kxg4
64. a7 Ra8 65. Ra6 Kf5 66. Kb5 Ke5 67. Kb6 Rd8 68. Kb7 Rd7+ 69. Kc8 1-0

[Event "Gibtelecom ChallWk1 7th"]
[Site "Gibraltar"]
[Date "2009.01.29"]
[Round "3.24"]
[White "Pettersen, Joar Gullestad"]
[Black "Loberg, Jo Kristian"]
[Result "0-1"]
[WhiteElo "2016"]
[BlackElo "1923"]
[PlyCount "58"]
[EventDate "2009.01.27"]
[EventType "swiss"]
[EventRounds "5"]
[EventCountry "GGB"]
[SourceTitle "BritBase"]
[Source "www.saund.co.uk"]
[SourceDate "2018.02.10"]
[SourceVersion "1"]
[SourceVersionDate "2018.02.10"]
[SourceQuality "1"]

1. Nf3 Nf6 2. d4 e6 3. c4 b6 4. g3 Bb7 5. Bg2 Be7 6. O-O O-O 7. Re1 d6 8. Nc3
Ne4 9. Qc2 Nxc3 10. Ng5 Ne4 11. Bxe4 Nc6 12. Bxc6 Bxg5 13. Bxb7 Rb8 14. Bxg5
Qxg5 15. Bg2 f5 16. f4 Qf6 17. Rad1 g5 18. Rf1 h5 19. e4 g4 20. Rfe1 Rbe8 21.
exf5 exf5 22. Qd2 Kg7 23. Bc6 Rxe1+ 24. Rxe1 a5 25. Bd5 Rb8 26. Re6 Qf8 27. Qe3
Rc8 28. Re7+ Kh8 29. Qe6 a4 0-1

[Event "Gibtelecom ChallWk1 7th"]
[Site "Gibraltar"]
[Date "2009.01.29"]
[Round "3.25"]
[White "Haug, Marianne Wold"]
[Black "Machin Arbelo, Pedro Alexi"]
[Result "0-1"]
[WhiteElo "1935"]
[BlackElo "2134"]
[PlyCount "138"]
[EventDate "2009.01.27"]
[EventType "swiss"]
[EventRounds "5"]
[EventCountry "GGB"]
[SourceTitle "BritBase"]
[Source "www.saund.co.uk"]
[SourceDate "2018.02.10"]
[SourceVersion "1"]
[SourceVersionDate "2018.02.10"]
[SourceQuality "1"]

1. e4 c5 2. Nf3 e6 3. d4 cxd4 4. Nxd4 Nf6 5. Nc3 Bb4 6. e5 Nd5 7. Bd2 Bxc3 8.
bxc3 O-O 9. c4 Ne7 10. Bd3 d6 11. exd6 Qxd6 12. Bc3 f5 13. O-O a6 14. f4 Nbc6
15. Nxc6 Qxc6 16. Rf3 Nd5 17. Bxg7 Kxg7 18. cxd5 Qxd5 19. Qe1 Bd7 20. Rg3+ Kf7
21. Rd1 Bc6 22. Qe2 Qd4+ 23. Kh1 Qxf4 24. Qh5+ Kf6 25. Rf1 Qd2 26. Qxh7 Ke5 27.
Qg7+ Kd6 28. Qd4+ Ke7 29. Rg7+ Rf7 30. Rxf7+ Kxf7 31. Rxf5+ Ke8 32. Rf2 Qe1+
33. Rf1 Qa5 34. Be4 Rc8 35. Bxc6+ Rxc6 36. Qh8+ Kd7 37. Rd1+ Kc7 38. Qh7+ Kb8
39. Rb1 Rc7 40. Qh8+ Rc8 41. Qh7 Qd5 42. a3 Rc7 43. Qg8+ Ka7 44. Qg6 Qa2 45.
Rg1 Rxc2 46. h4 Rc5 47. Qg3 Qd2 48. h5 Qd4 49. Re1 Rc3 50. Qg5 Rc5 51. Qe3
Rxh5+ 52. Kg1 e5 53. Kf2 Kb6 54. Qxd4+ exd4 55. g4 Rg5 56. Kf3 Kc5 57. Kf4 Rg7
58. g5 Rf7+ 59. Kg4 d3 60. g6 Rg7 61. Kf5 Kd4 62. Kf6 d2 63. Rh1 Rc7 64. g7
Rxg7 65. Kxg7 Kc3 66. Kf6 b5 67. Ke5 a5 68. Ke4 Kc2 69. Kd4 b4 0-1

[Event "Gibtelecom ChallWk1 7th"]
[Site "Gibraltar"]
[Date "2009.01.29"]
[Round "3.27"]
[White "Bryn, Askild"]
[Black "Ribon Calabia, Mariano"]
[Result "1-0"]
[WhiteElo "2006"]
[BlackElo "1864"]
[PlyCount "79"]
[EventDate "2009.01.27"]
[EventType "swiss"]
[EventRounds "5"]
[EventCountry "GGB"]
[SourceTitle "BritBase"]
[Source "www.saund.co.uk"]
[SourceDate "2018.02.10"]
[SourceVersion "1"]
[SourceVersionDate "2018.02.10"]
[SourceQuality "1"]

1. e4 e6 2. d4 d5 3. e5 c5 4. c3 Nc6 5. Nf3 Qb6 6. a3 f6 7. exf6 Nxf6 8. b4
cxd4 9. cxd4 Bd6 10. Bb2 O-O 11. Nc3 e5 12. Na4 Qc7 13. Rc1 e4 14. Ne5 Qe7 15.
Nxc6 bxc6 16. Be2 Bd7 17. Nc5 Rab8 18. O-O a5 19. Bc3 Bxh2+ 20. Kxh2 Ng4+ 21.
Bxg4 Qh4+ 22. Bh3 Bxh3 23. gxh3 Rf3 24. Qxf3 exf3 25. Nd3 Rf8 26. bxa5 Rf5 27.
Rg1 Rh5 28. Rg3 Qe4 29. Ne5 Qe2 30. Kg1 Rf5 31. Re1 Qc2 32. Bb4 Qb3 33. Nxc6
Rf4 34. Re8+ Kf7 35. Rf8+ Ke6 36. Rxf4 Qc4 37. Nd8+ Kd7 38. Rxg7+ Kc8 39. Ne6
Qe2 40. Rf8# 1-0